Emmy Winners for Best Supporting Actor in a Comedy Series - Statistics

General Stats
  • This quiz has been taken 57 times
  • The average score is 28 of 58
Answer Stats
Year Program Actor % Correct
2020 Schitt's Creek Dan Levy
76%
2009 Two and a Half Men Jon Cryer
69%
1989 Cheers Woody Harrelson
67%
2012 Modern Family Eric Stonestreet
64%
2010 Modern Family Eric Stonestreet
64%
2004 Frasier David Hyde Pierce
62%
1999 Frasier David Hyde Pierce
62%
1998 Frasier David Hyde Pierce
62%
1995 Frasier David Hyde Pierce
62%
1997 Seinfeld Michael Richards
62%
1994 Seinfeld Michael Richards
62%
1993 Seinfeld Michael Richards
62%
1981 Taxi Danny DeVito
60%
2018 Barry Henry Winkler
60%
2008 Entourage Jeremy Piven
60%
2007 Entourage Jeremy Piven
60%
2006 Entourage Jeremy Piven
60%
1975 The Mary Tyler Moore Show Ed Asner
57%
1972 The Mary Tyler Moore Show Ed Asner
57%
1971 The Mary Tyler Moore Show Ed Asner
57%
2000 Will & Grace Sean Hayes
57%
2014 Modern Family Ty Burrell
57%
2011 Modern Family Ty Burrell
57%
2015 Veep Tony Hale
55%
2013 Veep Tony Hale
55%
2005 Everybody Loves Raymond Brad Garrett
50%
2003 Everybody Loves Raymond Brad Garrett
50%
2002 Everybody Loves Raymond Brad Garrett
50%
1978 All in the Family Rob Reiner
50%
1974 All in the Family Rob Reiner
50%
2022 Ted Lasso Brett Goldstein
48%
2021 Ted Lasso Brett Goldstein
48%
1988 Night Court John Larroquette
48%
1987 Night Court John Larroquette
48%
1986 Night Court John Larroquette
48%
1985 Night Court John Larroquette
48%
1967 The Andy Griffith Show Don Knotts
45%
1966 The Andy Griffith Show Don Knotts
45%
2023 The Bear Ebon Moss-Bachrach
45%
2017 Saturday Night Live Alec Baldwin
43%
1983 Taxi Christopher Lloyd
40%
1982 Taxi Christopher Lloyd
40%
1976 The Mary Tyler Moore Show Ted Knight
40%
1973 The Mary Tyler Moore Show Ted Knight
40%
1977 M*A*S*H Gary Burghoff
36%
1980 M*A*S*H Harry Morgan
33%
1996 The Larry Sanders Show Rip Torn
33%
2016 Baskets Louie Anderson
31%
2019 The Marvelous Mrs. Maisel Tony Shalhoub
31%
1969 Hogan's Heroes Werner Klemperer
26%
1968 Hogan's Heroes Werner Klemperer
26%
1984 One Day at a Time Pat Harrington Jr.
24%
1992 Evening Shade Michael Jeter
21%
1979 Soap Robert Guillaume
21%
1970 Room 222 Michael Constantine
19%
2001 Ally McBeal Peter MacNicol
19%
1990 The Famous Teddy Z Alex Rocco
14%
1991 Davis Rules Jonathan Winters
14%
No matching quizzes found
Score Distribution
Percent of People with Each Score
Percentile by Number Answered
Your Score History
You have not taken this quiz